MDQL
is popping MORE tags! Check the
thread
!
Quizzes
Events
Quiz Creation
Community
Videos
Private Events
Remove Ads
Sign In
Join for FREE
Feedback
Dark Mode
Quiz Categories
Sports
Geography
Music
Movies
Television
Just For Fun
Miscellaneous
History
Literature
Language
Science
Gaming
Entertainment
Religion
Holiday
For Kids
Quiz Lab
Recent
Popular Today
Quiz Kudos Today
Editor Picks
Curator Picks
Quizzes by...
Day
Popularity
Type
Ratings
Length
Year
Community
Subscriptions
Recent Discussions
Orange Saloon
Badges
Playlists
Quests
Create
Leaderboards
Showdown
Live 5
Trivia Bingo
Activity
Puzzle Library
Sporcle Events
Private Events
Virtual Trivia
Globe League
Become a Host
Pub Owners
SporcleCon
Opinionation
Our Games
Videos
Blog
Mobile Apps
Partnerships
Remove Ads and Go Orange
Feedback
Sports
Athletes
MLB
NBA
NHL
NFL
Soccer
Sports Teams
WWE
NCAA
Football
Premier League
Basketball
Baseball
Hockey
Golf
Tennis
Cricket
Rugby
Auto Racing
Olympics
World Cup
Sports
Athletes
MLB
NBA
NHL
NFL
Soccer
Sports Teams
WWE
NCAA
Football
Premier League
Basketball
Baseball
Hockey
Golf
Tennis
Cricket
Rugby
Auto Racing
Olympics
World Cup
Random Quiz
Search Sporcle
×
Quiz Lab
Quiz Lab
Sports
Football
Type in answers that appear in a list
Type in answers that appear in a list
Classic
Best Score? Go Orange.
Players who missed a penalty in UEFA CL finals Stats
Can you name the players who missed a penalty in UEFA CL finals?
By
adrian10
8m
33 Questions
225 Plays
225 Plays
225 Plays
Comments
Comments
Give Quiz Kudos
Give Quiz Kudos
-
- Ratings
hide this ad
Replay
Link that replays current quiz
Next Quiz
Link to next quiz in quiz playlist
You Got
0%
They Got
Avg Score
28%
Avg Friend Score
Upgrade to see
Score Distribution
Jump to the score distribution portion of the page
Score
0/33
Timer
08:00
0
Plays Today
Year
Player
% Correct
2008
John Terry
91.5%
2008
Cristiano Ronaldo
81.7%
2005
Andriy Shevchenko
75.9%
2008
Nicolas Anelka
74.1%
2005
Andrea Pirlo
63.4%
2012
Bastian Schweinsteiger
63.4%
2003
Clarence Seedorf
46%
2005
John Arne Riise
42%
2003
David Trezeguet
41.1%
2012
Juan Mata
40.4%
1996
Edgar Davids
40.2%
2005
Serginho
38.8%
2012
Ivica Olić
38.3%
2003
Kakhaber Kaladze
29%
1986
Pichi Alonso
26.8%
2001
Mauricio Pellegrino
24.6%
2003
Paolo Montero
21%
Year
Player
% Correct
2001
Amedeo Carboni
20.5%
2001
Paulo Sergio
18.3%
2001
Patrik Andersson
18.3%
2003
Marcelo Zalayeta
17.9%
1996
Sonny Silooy
12.9%
1984
Bruno Conti
12.5%
1984
Steve Nicol
12.1%
2001
Zlatko Zahovic
9.4%
1991
Manuel Amoros
6.7%
1984
Francesco Graziani
6.3%
1986
Laszlo Boloni
2.7%
1988
Antonio Veloso
2.2%
1986
Jose Ramon Alexanko
1.3%
1986
Angel Pedraza
0.9%
1986
Mihail Majearu
0%
1986
Marcos
0%
Quiz Playlist
Details
Report
Send in Message
Add To Playlist
Classic:
Type in answers that appear in a list
Last Updated: Feb 16, 2017
Quiz Scoreboard
CHALLENGE
Sign Up to Join the Scoreboard
Show All
Scores
Hide
Comments
May contain spoilers
Recently Published
5x2 Blitz: Bands
by SL_Kpop136
Music
30s
Colored Red Africa Blitz
by spor1
Geography
30s
Find the 'City' Movie
by crazypaving
Movies
60s
More to Explore
Quiz From the Vault
Featured Blog Post
14 Easter Pick-up Lines to Find Eggs With
hide this ad
You Might Also Like...
Tags
Football Quiz
Soccer Quiz
Barcelona
Champions League
Football Champions
Football Clubs
Footballer
Goal Scorers
Manchester United
Penalty
UEFA Champions' League
UEFA Competitions
Today's Top Quizzes in Sports
Browse Sports
hide this ad
Today's Top Quizzes in Football
Browse Football
Top Contributed Quizzes in Sports
1
Players with Multiple 50 Home Run Seasons
2
Les entraîneurs de l'OM et du PSG au 21e siècle
3
Criteria MLB: Left Handed Sluggers
4
2022 World Cup Stars
5
Les meilleurs buteurs des matchs entre le PSG et l’OM
6
Who Hit More Homers?
7
Les joueurs passés par le PSG et l'OM
8
NBA Logic Puzzle 2.0
9
Top 10 NHL Goal Scorers of All Time
10
MLB Players with Two .350 Batting Average Seasons
Explore More
Trending Topics
Anime
Disney
Kpop
NBA
Harry Potter
Crossword
Marvel
Song
Pokémon
WWE
Country
NFL
The Office
Soccer
Puzzle
hide this ad
More By:
adrian10
Quiz
Plays
Rating
Category
Featured
Created
Champions League Goalscorers: Liverpool
7,918
4.81
Sports
Jan 2, 2013
Champions League Goalscorers: Manchester United
7,551
4.82
Sports
Dec 18, 2012
FIFA World Cup and UEFA Champions League winners
7,269
4.55
Sports
Jun 25, 2011
Champions League Goalscorers: FC Barcelona
6,838
4.93
Sports
Dec 17, 2012
Champions League Goalscorers: AC Milan
6,629
4.55
Sports
Dec 20, 2012
Go to Creator's Profile
Score Distribution
Quiz Creator Spotlight
adrian10
Follow
Send a Message
Quizzes Created
-
Created Quiz Play Count
-
More By This Creator
Popular Quizzes Today
1
Find the 'City' Movie
2
Colored Red Africa Blitz
3
Find the US States - No Outlines Minefield
4
5x2 Blitz: Bands
5
The Countries of the World
6
Find the US States
7
US States
8
9x9 Crossword: Cartoon Network
More Sports Quizzes
MLB Top 5 WAR by Country of Birth
Quiz Lab
Trending Quizzes
Colored Red Europe Blitz I
Colored Red Africa Blitz II
Colored Red Europe Blitz II
Colored Red Africa Blitz III
Colored Red Europe Blitz III
Recently Updated
Famous TV Couples
Peacemaker
Champions League XIs: Real Madrid
pecheneg
Largest US Cities 1790-2010
pecheneg
Rides in Walt Disney World
pecheneg
Most Oscar Losses (Acting)
pecheneg
Beyoncé Albums
pecheneg
Leaping Animals
pecheneg
Reality TV Shows (A-Z)
bhenderson79
Rickey Henderson's Hall of Fame Teammates
pecheneg
Champions League XIs: Arsenal
pecheneg
Trending Topics
Disney
NBA
Harry Potter
Marvel
Anime
Kpop
Crossword
The Office
Country
Soccer
Pokémon
Puzzle
NFL
Song
WWE
Your Account Isn't Verified!
In order to create a playlist on Sporcle, you need to verify the email address you used during registration. Go to your
Sporcle Settings
to finish the process.
Report this User
Report this user for behavior that violates our
Community Guidelines
.
Details:
Send Report
Go to the Sporcle.com Mobile Site →
Comments